Longman dictionary of business English

Αποθηκεύτηκε σε:
Λεπτομέρειες βιβλιογραφικής εγγραφής
Κύριος συγγραφέας: Adam, J. H.
Μορφή: Βιβλίο
Γλώσσα:English
Δημοσίευση: Harlow, Essex : Beirut : Longman, York Press, 1982
Θέματα:
Ετικέτες: Προσθήκη ετικέτας
Δεν υπάρχουν, Καταχωρήστε ετικέτα πρώτοι!

MARC

LEADER 00000nam a2200000 i 4500
001 1/27904
008 951120s1982 eng d
020 |a 0582555523 
035 |l 10022943 
040 |a GR-MY-UA  |b gre  |e aacr 
041 0 |a eng 
082 0 |a Π 650.0321  |2 (19) 
100 1 |a Adam, J. H. 
245 1 0 |a Longman dictionary of business English /  |c J.H. Adam 
260 |a Harlow, Essex :   |a Beirut :   |b Longman,   |b York Press,   |c 1982 
300 |a xiii, 492 p.;  |c 22 cm 
650 0 0 |a Business  |x Dictionaries. 
650 0 0 |a Commerce  |x Dictionaries. 
650 0 0 |a English language  |x Business English  |x Dictionaries. 
852 |a INST  |b CHIOS  |e 19951120  |h 650.0321 ADA  |p 005200001090  |q 005200001090  |t REF  |y 23 
901 |a BIBL2-1995-3 
909 |a Χ  |b 001452